[Event "NRW Class2 1415"]
[Site "Germany"]
[Date "2015.03.01"]
[Round "7.7"]
[White "Juegel, Marcel"]
[Black "Warschawskij, Grigorij"]
[Result "1-0"]
[WhiteElo "2162"]
[BlackElo "1812"]
[PlyCount "43"]
[EventDate "2014.09.14"]
[EventType "team-tourn"]
[EventRounds "9"]
[EventCountry "GER"]
[SourceTitle "EXT 2017"]
[Source "ChessBase"]
[SourceDate "2016.10.25"]
[SourceVersion "1"]
[SourceVersionDate "2016.10.25"]
[SourceQuality "1"]
[WhiteTeam "Aachen Aufwaerts II"]
[BlackTeam "Wuppertal Bahn"]
[WhiteTeamCountry "GER"]
[BlackTeamCountry "GER"]

1. b3 e5 2. e3 Nf6 3. Bb2 d6 4. Be2 g6 5. Nf3 Bg7 6. d4 e4 7. Nfd2 d5 8. c4 c6 9. Nc3 0-0 10. g4 Ne8 11. Ba3 Nd6 12. cxd5 Re8 13. Bxd6 Qxd6 14. Ndxe4 Qd8 15. dxc6 Nxc6 16. Bc4 Nxd4 17. exd4 Bxd4 18. 0-0 b5 19. Bd5 Qh4 20. Bxf7+ Kf8 21. Bxe8 Bxg4 22. Qxd4 1-0